Messias Jesus: seine Geschichte, seine Botschaft und ihre Überlieferung
| Main Author: | |
|---|---|
| Format: | Print Book |
| Language: | German |
| Subito Delivery Service: | Order now. |
| Check availability: | HBZ Gateway |
| WorldCat: | WorldCat |
| Interlibrary Loan: | Interlibrary Loan for the Fachinformationsdienste (Specialized Information Services in Germany) |
| Published: |
Giessen
Brunnen Verlag GmbH
2023
|
| In: | Year: 2023 |
| Edition: | 2., durchgesehene und erweiterte Auflage |
| Series/Journal: | TVG Lehrbücher
|
| Standardized Subjects / Keyword chains: | B
Jesus Christus
/ Teaching
/ Historicity
B Jesus Christus / Gospels |
| IxTheo Classification: | HC New Testament |
| Online Access: |
Inhaltstext (Publisher) Table of Contents Blurb |
| Parallel Edition: | Electronic
|
MARC
| LEADER | 00000cam a2200000 c 4500 | ||
|---|---|---|---|
| 001 | 1826486534 | ||
| 003 | DE-627 | ||
| 005 | 20260409100404.0 | ||
| 007 | tu | ||
| 008 | 221207s2023 gw ||||| 00| ||ger c | ||
| 015 | |a 22,N49 |2 dnb | ||
| 016 | 7 | |a 1274114233 |2 DE-101 | |
| 020 | |a 9783765595820 |q : Festeinband : EUR 58.00 (DE), EUR 59.60 (AT) |9 978-3-7655-9582-0 | ||
| 020 | |a 3765595829 |9 3-7655-9582-9 | ||
| 024 | 3 | |a 9783765595820 | |
| 028 | 5 | 2 | |a 229582 |
| 035 | |a (DE-627)1826486534 | ||
| 035 | |a (DE-599)DNB1274114233 | ||
| 035 | |a (OCoLC)1423754426 | ||
| 040 | |a DE-627 |b ger |c DE-627 |e rda | ||
| 041 | |a ger | ||
| 044 | |c XA-DE-HE | ||
| 082 | 0 | |a 232.908 |q DE-101 |2 23/ger | |
| 082 | 0 | 4 | |a 230 |q DE-101 |
| 084 | |a 1 |2 ssgn | ||
| 084 | |a BC 7000 |2 rvk |0 (DE-625)rvk/9615: | ||
| 084 | |a 11.47 |2 bkl | ||
| 100 | 1 | |e VerfasserIn |0 (DE-588)120370492 |0 (DE-627)080632548 |0 (DE-576)162730977 |4 aut |a Riesner, Rainer |d 1950- | |
| 109 | |a Riesner, Rainer 1950- |a Riesner, R. 1950- |a Riesner, Jörg Rainer 1950- | ||
| 245 | 1 | 0 | |a Messias Jesus |b seine Geschichte, seine Botschaft und ihre Überlieferung |c Rainer Riesner |
| 250 | |a 2., durchgesehene und erweiterte Auflage | ||
| 264 | 1 | |a Giessen |b Brunnen Verlag GmbH |c 2023 | |
| 300 | |a XVII, 552 Seiten |b Illustrationen, Karten |c 24 cm x 17 cm | ||
| 336 | |a Text |b txt |2 rdacontent | ||
| 337 | |a ohne Hilfsmittel zu benutzen |b n |2 rdamedia | ||
| 338 | |a Band |b nc |2 rdacarrier | ||
| 490 | 0 | |a TVG Lehrbücher | |
| 583 | 1 | |a Archivierung/Langzeitarchivierung gewährleistet |f FID |x XA-DE-BW |2 pdager |5 DE-21 | |
| 601 | |a Messias | ||
| 601 | |a Botschaft | ||
| 652 | |a HC | ||
| 689 | 0 | 0 | |d p |0 (DE-588)118557513 |0 (DE-627)079354688 |0 (DE-576)208978216 |2 gnd |a Jesus Christus |
| 689 | 0 | 1 | |d s |0 (DE-588)4241291-2 |0 (DE-627)104857862 |0 (DE-576)210436905 |2 gnd |a Lehre |
| 689 | 0 | 2 | |d s |0 (DE-588)4020525-3 |0 (DE-627)106317741 |0 (DE-576)208933700 |2 gnd |a Geschichtlichkeit |
| 689 | 0 | |5 DE-101 | |
| 689 | 1 | 0 | |d p |0 (DE-588)118557513 |0 (DE-627)079354688 |0 (DE-576)208978216 |2 gnd |a Jesus Christus |
| 689 | 1 | 1 | |d u |0 (DE-588)4015806-8 |0 (DE-627)104746149 |0 (DE-576)208913602 |a Bibel |2 gnd |p Evangelien |
| 689 | 1 | |5 (DE-627) | |
| 776 | 1 | |z 9783765577178 | |
| 776 | 0 | 8 | |i Erscheint auch als |n Online-Ausgabe |a Riesner, Rainer, 1950 - |t Messias Jesus |b 2., durchgesehene und erweiterte Auflage |d Giessen : Brunnen Verlag GmbH, 2023 |h 1 Online-Ressource (XVII, 552 Seiten) |w (DE-627)1872391613 |z 9783765577253 |z 9783765577178 |k Electronic |
| 856 | 4 | 2 | |u http://deposit.dnb.de/cgi-bin/dokserv?id=6e983a35a2754bdb89988419571fcb46&prov=M&dok_var=1&dok_ext=htm |m X:MVB |q text/html |x Verlag |3 Inhaltstext |7 1 |
| 856 | 4 | 2 | |u https://swbplus.bsz-bw.de/bsz1826486534inh.htm |m V:DE-576 |m B:DE-21 |v 20231201193412 |3 Inhaltsverzeichnis |7 1 |
| 856 | 4 | 2 | |u https://swbplus.bsz-bw.de/bsz1826486534kla.htm |m V:DE-576 |m B:DE-21 |v 20231201193412 |3 Klappentext |7 1 |
| 936 | r | v | |a BC 7000 |b Allgemeines |k Theologie und Religionswissenschaften |k Bibelwissenschaft |k Biblische Theologie |k Abhandlungen zum NT |k Leben Jesu |k Allgemeines |0 (DE-627)1270705350 |0 (DE-625)rvk/9615: |0 (DE-576)200705350 |
| 936 | b | k | |a 11.47 |j Theologie des Neuen Testaments |q SEPA |0 (DE-627)106419846 |
| 936 | s | n | |a b100 |2 mzub |
| 951 | |a BO | ||
| BIB | |a 1 | ||
| ELC | |b 1 | ||
| ITA | |a 1 |t 1 | ||
| LOK | |0 000 xxxxxcx a22 zn 4500 | ||
| LOK | |0 001 4415537499 | ||
| LOK | |0 003 DE-627 | ||
| LOK | |0 004 1826486534 | ||
| LOK | |0 005 20231128092927 | ||
| LOK | |0 008 231122||||||||||||||||ger||||||| | ||
| LOK | |0 040 |a DE-21 |c DE-627 |d DE-21 | ||
| LOK | |0 852 |a DE-21 | ||
| LOK | |0 852 1 |c 63 A 5420 |9 00 | ||
| LOK | |0 935 |a theo | ||
| LOK | |0 938 |a 2311 |f 2 | ||
| LOK | |0 939 |a 2023-11-22 |b l01 | ||
| LOK | |0 000 xxxxxcx a22 zn 4500 | ||
| LOK | |0 001 4435930412 | ||
| LOK | |0 003 DE-627 | ||
| LOK | |0 004 1826486534 | ||
| LOK | |0 005 20231214101950 | ||
| LOK | |0 008 231214||||||||||||||||ger||||||| | ||
| LOK | |0 040 |a DE-Tue135 |c DE-627 |d DE-Tue135 | ||
| LOK | |0 092 |o n | ||
| LOK | |0 852 |a DE-Tue135 | ||
| LOK | |0 852 1 |9 00 | ||
| LOK | |0 936ln |0 1442044136 |a HC | ||
| LOK | |0 939 |a 2023-12-14 |b l01 | ||
| ORI | |a TA-MARC-ixtheoa001.raw | ||
| REF | |a Historischer Jesus | ||
| STA | 0 | 0 | |a Historicity,Historicalness,Teaching,Doctrine,Teaching |
| STB | 0 | 0 | |a Enseignement,Éducation,Historicité |
| STC | 0 | 0 | |a Enseñanza,Historicidad |
| STD | 0 | 0 | |a Dottrina,Insegnamento,Insegnamento,Storicità |
| STE | 0 | 0 | |a 历史性,史实性,学说,理论,教义 |
| STF | 0 | 0 | |a 學說,理論,教義,歷史性,史實性 |
| STG | 0 | 0 | |a Ensino,Historicidade |
| STH | 0 | 0 | |a Историчность,Обучение |
| STI | 0 | 0 | |a Δίδαγμα,Ιστορικότητα |
| SUB | |a BIB | ||
| SYG | 0 | 0 | |a Yeshuʿa,Yeshua,Iesus Nazarenus Rex Iudaeorum,Iesu Keriso,Jẽzaus Kristaus,Jésus-Christ,Iēsus,ho Nazōraios,Gesù Cristo,Ješūʿa,Isus Hristos,Jisous Khristos,Jesú Krist,Iĩsa Chrtá,Jezus Chrystus,Jezus,Jeschua,Jesus,of Nazareth,Iesu Kristo,Chesus Christ,Jhesus Christus,Jésus,le Christ,Jesus,Nazarenus,Jésus,de Nazareth,Jesucristo,Jesus Christ,Jesuo Kristo,Jesusse Kristusse,Jesuse Kristuse,Jesuksen Kristuksen,Jesu Kristo,Jesus Kristus,Yasūʿ,Yeshu,Hisows K'ristos,Ieso K'riste,Iēsus Christos,Iisus Christos,ʿĪsā Ibn-Maryam,Christus,Jesus,von Nazareth,Jesus,von Nazaret,Cristo,Jesus,Ye su,Yesu,Ye, Su , Ješiša Krista,Gesù , Historizität , Yeshuʿa,Yeshua,Iesus Nazarenus Rex Iudaeorum,Iesu Keriso,Jẽzaus Kristaus,Jésus-Christ,Iēsus,ho Nazōraios,Gesù Cristo,Ješūʿa,Isus Hristos,Jisous Khristos,Jesú Krist,Iĩsa Chrtá,Jezus Chrystus,Jezus,Jeschua,Jesus,of Nazareth,Iesu Kristo,Chesus Christ,Jhesus Christus,Jésus,le Christ,Jesus,Nazarenus,Jésus,de Nazareth,Jesucristo,Jesus Christ,Jesuo Kristo,Jesusse Kristusse,Jesuse Kristuse,Jesuksen Kristuksen,Jesu Kristo,Jesus Kristus,Yasūʿ,Yeshu,Hisows K'ristos,Ieso K'riste,Iēsus Christos,Iisus Christos,ʿĪsā Ibn-Maryam,Christus,Jesus,von Nazareth,Jesus,von Nazaret,Cristo,Jesus,Ye su,Yesu,Ye, Su , Ješiša Krista,Gesù , Evangelien,Evangelium,Kanonische Evangelien,Les Evangiles,I Vangeli,Evangelium,Evangelie,Gospels |